Irwin Law Criminal Procedure (Second Edition) /

Detalles Bibliográficos
Autor principal: Coughlan, Steve
Formato: eBook
Lenguaje:inglés
Publicado: Toronto: Irwin Law Inc., 2012
Edición:Second Edition
Materias:
Acceso en línea:Acceso restringido

MARC

LEADER 00000nam a22000007a 4500
005 20171102184720.0
007 cr|||| ||||
008 171102s2012 xxc|||||s|||| 00||0 eng d
020 |a 978-1-55221-276-9 
035 |a 20682 
040 |a vLex 
090 |c 7193  |d 7193 
100 1 |a Coughlan, Steve 
245 1 0 |a Irwin Law  |h [Recurso electrn̤ico] :  |b Criminal Procedure (Second Edition) /  |c Steve Coughlan - Professor of Law. Dalhousie University 
250 |a Second Edition 
256 |a Servicio en ln̕ea 
260 |a Toronto:  |b Irwin Law Inc.,  |c 2012 
300 |a 1 recurso electrn̤ico 
506 1 |a Disponible solo en los productos indicados  |d vLex Global  |d vLex Global (Academic Edition, excluding Law Schools)  |d vLex Global (U.S. Academic Edition, Law Schools)  |d vLex Global (U.S. Academic Edition, excluding Law Schools)  |d vLex Global (Academic Edition, Law Schools) 
650 0 4 |a Procedimiento Penal  |z Canad̀ 
740 0 |a vLex Libros (Servicio en ln̕ea) 
856 4 0 |u http://vlex.com/source/criminal-procedure-20682/  |z Acceso restringido 
942 |c BOOK 
999 0 |a Criminal procedure